000 00555nam a2200181Ia 4500
008 240729s9999 xx 000 0 und d
022 _a2383-420X
245 0 _aJournal of Biostatistics and Epidemiology
260 _aIran, Islamic Republic of
260 _bTehran University of Medical Sciences
650 _a Biology (General) | Science
650 _a Mathematics
650 _a Probabilities. Mathematical statistics
650 _aScience
856 _uhttps://doaj.org/toc/965cba876e5041c0bbab6cc892098574
942 _2ddc
942 _cDOAJEJ
999 _c65673
_d65673
945 _a1
_bMadushi Gamage
_c1
_dMadushi Gamage